|
|
|
|
| LEADER |
01194nam a2200349 4500 |
| 001 |
DLU110000247 |
| 005 |
##20110512 |
| 040 |
# |
# |
|a DLU
|b vie
|
| 041 |
# |
# |
|a vie
|
| 044 |
# |
# |
|a vn
|
| 082 |
# |
# |
|a 959
|b LE-H
|
| 100 |
# |
# |
|a Lê Phụng Hoàng,
|c TS.
|
| 245 |
# |
# |
|a Một số vấn đề về lịch sử - văn hoá Đông Nam Á :
|b Bài giảng chuyên đề.
|n t.I /
|c Lê Phụng Hoàng.
|
| 260 |
# |
# |
|a TP. HCM :
|b Đại học Sư phạm,
|c 2001.
|
| 300 |
# |
# |
|a 219 tr. ;
|c 21 cm.
|
| 504 |
# |
# |
|a Tài liệu tham khảo: tr.215-216.
|
| 505 |
# |
# |
|a Bài I. Lịch sử hình thành cộng đồng người gốc Hoa ở Đông Nam Á -- Bài II. Chính sách đối ngoại của Singapore dưới thời chính phủ Lý Quang Diệu -- Bài III. Vai trò của QĐ trong đời sống chính trị ở cộng hoà Indonesia dưới thời Sukarno.
|
| 653 |
# |
# |
|a Đông Nam Á
|
| 653 |
# |
# |
|a Giáo trình
|
| 653 |
# |
# |
|a Lịch sử
|
| 923 |
# |
# |
|a 05/2011
|
| 990 |
# |
# |
|a t.I
|
| 991 |
# |
# |
|a GT
|
| 992 |
# |
# |
|a 12000
|
| 994 |
# |
# |
|a DLU
|
| 900 |
# |
# |
|a True
|
| 911 |
# |
# |
|a Đào Thị Thu Huyền
|
| 925 |
# |
# |
|a G
|
| 926 |
# |
# |
|a A
|
| 927 |
# |
# |
|a SH
|
| 980 |
# |
# |
|a Thư viện Trường Đại học Đà Lạt
|